|
|
|
|
| LEADER |
00000nab a2200000 a 4500 |
| 001 |
vtls008627231 |
| 003 |
SK-MaSNL |
| 005 |
20260304144240.0 |
| 008 |
250505c2005 xo mr|p|||||||000 b|slo |
| 015 |
|
|
|a SNBRB2006/03
|2 snkbucl
|
| 035 |
|
|
|a (uuid)de95070c-b6e4-4008-a6e9-5cd159e76d3e
|
| 035 |
|
|
|a urn:nbn:sk:snk-abesi8
|
| 035 |
|
|
|a (urnnbn)urn:nbn:sk:snk:ar-0008dh
|
| 038 |
|
|
|a SNKBUCL
|
| 040 |
|
|
|a SNKBUCL
|b slo
|c SNKBUCL
|e AACR2
|
| 041 |
1 |
|
|a slo
|h fre
|
| 044 |
|
|
|a xo
|c SK
|
| 080 |
|
|
|a 821.133.1 (71)-1
|2 1997
|
| 100 |
1 |
|
|a Boucher, Denise
|4 aut
|9 1465712
|
| 245 |
1 |
0 |
|a [Básne]
|c Denise Boucherová ; preložil Ján Švantner
|
| 500 |
|
|
|a Blok obsahuje 4 básne
|
| 655 |
|
7 |
|a kanadská poézia (francúzsky)
|2 snkbucl
|9 1270916
|
| 700 |
1 |
|
|a Švantner, Ján,
|d 1949-
|4 trl
|9 93615
|
| 740 |
0 |
2 |
|a V okrúhlom okne
|
| 740 |
0 |
2 |
|a O piatej
|
| 740 |
0 |
2 |
|a Strach
|
| 740 |
0 |
2 |
|a S temným pokojom
|
| 773 |
0 |
|
|t Slovenské pohľady
|g Roč. IV+121, č. 12 (2005), s. 24-25
|x 1335-7786
|
| 850 |
|
|
|a Slovenská národná knižnica
|
| 852 |
|
|
|a Slovenská národná knižnica
|
| 958 |
|
|
|a article27
|
| 958 |
|
|
|a LX
|
| 958 |
|
|
|a CA
|
| 958 |
|
|
|a FR
|
| 958 |
|
|
|a OND
|
| 958 |
|
|
|a EUIPO
|
| 999 |
|
|
|c 2930213
|d 2932143
|